| Tag |
First Indicator |
Second Indicator |
Subfields |
| LEADER |
00000nmm a22000001a 4500 |
| 001 |
in00004609708 |
| 006 |
m|||||o||m|||||||| |
| 007 |
cr|cn |||uuuuu |
| 008 |
221118s2022 xxu||||bo|||| ||||||eng d |
| 005 |
20221207213315.9 |
| 035 |
|
|
|a (TxWaIVM)IV89015LeTh
|
| 040 |
|
|
|a TxWaIVM
|c TxWaIVM
|
| 245 |
0 |
4 |
|a The Pop Star Puffin /
|c powered by Library Pass.
|
| 260 |
3 |
|
|a [United States] :
|b Lerner Publishing Group,
|c 2022.
|
| 300 |
|
|
|a 1 online resource.
|
| 336 |
|
|
|a text
|b txt
|2 rdacontent
|
| 337 |
|
|
|a computer
|b c
|2 rdamedia
|
| 338 |
|
|
|a online resource
|b cr
|2 rdacarrier
|
| 520 |
|
|
|a This tale of a singing puffin and all of his quacking, wailing, tweeting bird friends will have emergent readers giggling until the final page. Keep kids engaged after the story with a reading comprehension quiz.
|
| 521 |
|
|
|a 1
|
| 538 |
|
|
|a Requires a valid library card and registration for new users.
|
| 538 |
|
|
|a Mode of access: World Wide Web.
|
| 538 |
|
|
|a System requirements: Flash 10.1 or higher, Windows XP and higher, Internet Explorer 7 and higher, Firefox 3.6 and higher, Google Chrome; Max OS 10.5 and higher, Safari 4 and higher.
|
| 650 |
|
0 |
|a Animals
|
| 655 |
|
7 |
|a Electronic books.
|2 local
|
| 655 |
|
7 |
|a Animals
|2 gsafd
|
| 650 |
|
0 |
|a Comic books, strips, etc. --Children
|
| 655 |
|
7 |
|a Comic books, strips, etc. --Children
|2 gsafd
|
| 650 |
|
0 |
|a Early Readers
|
| 655 |
|
7 |
|a Early Readers
|2 gsafd
|
| 650 |
|
0 |
|a Comic books, strips, etc. --Education
|
| 655 |
|
7 |
|a Comic books, strips, etc. --Education
|2 gsafd
|
| 650 |
|
0 |
|a Comic books, strips, etc. --Fiction
|
| 655 |
|
7 |
|a Comic books, strips, etc. --Fiction
|2 gsafd
|
| 650 |
|
0 |
|a Literary
|
| 655 |
|
7 |
|a Literary
|2 gsafd
|
| 650 |
|
0 |
|a Comic books, strips, etc. --Music
|
| 655 |
|
7 |
|a Comic books, strips, etc. --Music
|2 gsafd
|
| 700 |
1 |
|
|a Atkins, Jill.
|e writer.
|
| 700 |
1 |
|
|a Breemer, Kelly.
|e artist.
|
| 710 |
2 |
|
|a Library Pass, LLC.
|
| 856 |
4 |
0 |
|u http://proxy.library.tamu.edu/login?url=https://tamu.librarypass.com/product/lerner.publishing.group.the.pop.star.puffin.english.06012022
|z Connect to this electronic book (First time users create your free account)
|t 0
|
| 955 |
|
|
|a Comics Plus.
|
| 999 |
f |
f |
|s c870c801-af7e-42c6-9f8b-5d9c29812a73
|i 694721f5-bb3c-4522-a277-c3f9ccd80a77
|t 0
|
| 952 |
f |
f |
|a Texas A&M University
|b College Station
|c Electronic Resources
|d Available Online
|t 0
|h Library of Congress classification
|
| 998 |
f |
f |
|t 0
|l Available Online
|